[Event "II C.to Romano"]
[Site "Roma ITA"]
[Date "1997.??.??"]
[Round "1"]
[White "Viscardi, Riccardo"]
[Black "Montecchi, Ugo"]
[Result "1/2-1/2"]
[WhiteElo "1600"]
[BlackElo "1833"]
[PlyCount "120"]
[EventDate "1997.??.??"]

1. d4 Nf6 2. c4 e5 3. dxe5 Ne4 4. Nf3 Bb4+ 5. Nbd2 Nc6 6. a3 Nxd2 7. Bxd2 Bxd2+
8. Qxd2 Qe7 9. Qc3 O-O 10. e3 Re8 11. Be2 Nxe5 12. Qxe5 Qxe5 13. Nxe5 Rxe5 14.
O-O d6 15. Bf3 Bf5 16. Rfd1 Be4 17. Bxe4 Rxe4 18. Rd4 Rae8 19. Rad1 g6 20. Kf1
f5 21. Rxe4 Rxe4 22. Rd4 Re5 23. b4 Kf7 24. Ke2 Ke7 25. Kd2 a6 26. g3 Kd7 27.
c5 Kc6 28. cxd6 cxd6 29. Kc3 Re7 30. h4 d5 31. a4 Kd6 32. Kd2 Rc7 33. f3 Ke5
34. Rd3 Rc4 35. Rb3 h5 36. a5 Kd6 37. b5 Kc7 38. bxa6 bxa6 39. Rb6 Rc6 40. Rb3
Rc5 41. Rc3 Kd6 42. Rxc5 Kxc5 43. Kc3 Kb5 44. Kd4 Kxa5 45. Kxd5 Kb6 46. e4 fxe4
47. fxe4 Kc7 48. Ke6 a5 49. Kf7 a4 50. e5 a3 51. e6 a2 52. e7 a1=Q 53. e8=Q
Qf1+ 54. Kxg6 Qd3+ 55. Kxh5 Qxg3 56. Qf7+ Kd8 57. Qf6+ Kd7 58. Qf5+ Ke8 59.
Qg6+ Qxg6+ 60. Kxg6 Kf8 1/2-1/2

[Event "II C.to Romano"]
[Site "Roma ITA"]
[Date "1997.??.??"]
[Round "2"]
[White "Abuhamdieh, Arafat"]
[Black "Drago, Valentino"]
[Result "0-1"]
[WhiteElo "1294"]
[BlackElo "1624"]
[PlyCount "106"]
[EventDate "1997.??.??"]

1. d4 c5 2. e3 Nf6 3. Nf3 cxd4 4. exd4 d6 5. Be2 e6 6. O-O Nc6 7. c4 g6 8. d5
exd5 9. cxd5 Ne7 10. Bb5+ Bd7 11. Bxd7+ Qxd7 12. Nc3 Bg7 13. Re1 O-O 14. Bg5
Rfe8 15. Qd2 Rac8 16. Rac1 Rc5 17. b4 Rc4 18. a3 Rec8 19. Rc2 h6 20. Bxh6 Bxh6
21. Qxh6 Rxc3 22. Rce2 Nf5 23. Qg5 Nh7 24. Qg4 R8c4 25. Qh3 Rh4 26. Re8+ Kg7
27. R8e7 Qxe7 28. Rxe7 Rc1+ 29. Re1 Rxe1+ 30. Nxe1 Rxh3 31. gxh3 Nf6 32. Nd3
Nxd5 33. f4 Nfe3 34. Kf2 Kf6 35. Kg3 b5 36. h4 Kf5 37. Kf3 Nc2 38. Nf2 Nxa3 39.
Ne4 Nc4 40. Ng3+ Ke6 41. Ke4 Nxb4 42. h5 gxh5 43. Nxh5 a5 44. f5+ Ke7 45. Nf4
a4 46. Ne2 a3 47. Nc1 a2 48. Nxa2 Nxa2 49. h4 Kf6 50. Kf4 b4 51. h5 b3 52. h6
b2 53. h7 Kg7 0-1

[Event "II C.to Romano"]
[Site "Roma ITA"]
[Date "1997.??.??"]
[Round "2"]
[White "Bruno, Fabio"]
[Black "Cattarinich, Benedetto"]
[Result "0-1"]
[WhiteElo "2260"]
[BlackElo "1837"]
[PlyCount "62"]
[EventDate "1997.??.??"]

1. e4 c5 2. Nf3 e6 3. d4 cxd4 4. Nxd4 Nc6 5. Nc3 a6 6. Bc4 Qc7 7. Bb3 Nf6 8.
O-O Bb4 9. Qd3 O-O 10. Bd2 Nxd4 11. Qxd4 Bc5 12. Qd3 b5 13. Rad1 h6 14. Ne2 Bb7
15. Ng3 Rfd8 16. Bc3 Qf4 17. Rde1 d5 18. Bd2 Qh4 19. e5 Ne4 20. Ba5 Re8 21.
Nxe4 dxe4 22. Qe2 Bc6 23. Rd1 Qf4 24. Qh5 g6 25. Qh3 b4 26. c3 bxc3 27. Bxc3
Bb5 28. g3 Qf3 29. Qxh6 Bxf1 30. Rxf1 Rad8 31. Bxe6 Bxf2+ 0-1

[Event "II C.to Romano"]
[Site "Roma ITA"]
[Date "1997.??.??"]
[Round "2"]
[White "Colantonio, Marco"]
[Black "Iatrino, Vincenzo"]
[Result "1-0"]
[WhiteElo "1543"]
[BlackElo "1767"]
[PlyCount "87"]
[EventDate "1997.??.??"]

1. e4 e5 2. f4 exf4 3. Nf3 d5 4. exd5 Qxd5 5. Nc3 Qa5 6. d4 Nf6 7. Bc4 Be7 8.
Qe2 Nc6 9. d5 Nb4 10. O-O Qc5+ 11. Kh1 O-O 12. Bxf4 Bd6 13. Bxd6 cxd6 14. a3
Nbxd5 15. Nxd5 Nxd5 16. b4 Qe3 17. Qd3 Qxd3 18. Bxd3 Bd7 19. Ng5 Nf6 20. Rxf6
gxf6 21. Nxh7 Rfd8 22. Nxf6+ Kg7 23. Rf1 Be6 24. g4 Rh8 25. Kg2 Rac8 26. Kg3 d5
27. h4 Rc3 28. a4 b6 29. Nh5+ Kf8 30. Nf4 Ke7 31. g5 Ra3 32. g6 Rxa4 33. b5 Ra3
34. h5 d4 35. g7 Rg8 36. h6 Bc4 37. Rf3 Bxd3 38. cxd3 Kf6 39. Nd5+ Kg6 40. Ne7+
Kh7 41. Nxg8 Kxg8 42. Kh4 Ra5 43. Rg3 Rxb5 44. h7+ 1-0

[Event "II C.to Romano"]
[Site "Roma ITA"]
[Date "1997.??.??"]
[Round "2"]
[White "Corvi, Marco"]
[Black "Spano' Cuomo, Gaetano"]
[Result "1-0"]
[WhiteElo "2260"]
[BlackElo "1641"]
[PlyCount "61"]
[EventDate "1997.??.??"]

1. e4 e5 2. Nf3 Nc6 3. Nc3 Nf6 4. g3 Be7 5. Bg2 O-O 6. O-O d6 7. h3 Ne8 8. d4
exd4 9. Nxd4 Nxd4 10. Qxd4 Be6 11. Be3 Bf6 12. Qd2 Qe7 13. f4 c6 14. Rad1 b6
15. Rfe1 Rd8 16. g4 Nc7 17. g5 Bxc3 18. Qxc3 c5 19. f5 Bc8 20. Bf4 Nb5 21. Qg3
Ba6 22. c3 Rfe8 23. a4 Nc7 24. Rxd6 Qf8 25. Rxd8 Rxd8 26. Bxc7 Rd2 27. Bf4 Rxb2
28. Rd1 Be2 29. Rd2 Rb1+ 30. Kh2 Bh5 31. Bc7 1-0

[Event "II C.to Romano"]
[Site "Roma ITA"]
[Date "1997.??.??"]
[Round "2"]
[White "Farina, Saverio"]
[Black "Castillo, Juan"]
[Result "1-0"]
[WhiteElo "2195"]
[BlackElo "1600"]
[PlyCount "65"]
[EventDate "1997.??.??"]

1. d4 d5 2. c4 e6 3. Nc3 Nf6 4. Bg5 Be7 5. Nf3 h6 6. Bxf6 Bxf6 7. Qc2 Nc6 8.
Rd1 O-O 9. e3 Re8 10. Be2 Ne7 11. O-O Ng6 12. Bd3 Nf8 13. a3 c6 14. h3 b6 15.
Ne5 Bb7 16. cxd5 Bxe5 17. dxc6 Bxc6 18. dxe5 Qc8 19. Be4 Qb7 20. Bxc6 Qxc6 21.
Qe4 Rec8 22. Qxc6 Rxc6 23. Rd6 Rxd6 24. exd6 Nd7 25. Nb5 a6 26. Nc7 Ra7 27. Rc1
Kh7 28. b4 Kg6 29. e4 e5 30. Nd5 Ra8 31. Rc7 Rd8 32. Ne7+ Kf6 33. Nc6 1-0

[Event "II C.to Romano"]
[Site "Roma ITA"]
[Date "1997.??.??"]
[Round "2"]
[White "Franchi, Jose' Maria"]
[Black "Malloni, Marcello"]
[Result "0-1"]
[WhiteElo "1915"]
[BlackElo "2225"]
[PlyCount "60"]
[EventDate "1997.??.??"]

1. Nf3 d5 2. d4 Nf6 3. c4 e6 4. Nc3 Bb4 5. a3 Bxc3+ 6. bxc3 c5 7. e3 O-O 8. Bd3
Nc6 9. O-O Qc7 10. Qe2 dxc4 11. Bxc4 e5 12. d5 e4 13. dxc6 Bg4 14. cxb7 Qxb7
15. Qb2 Qxb2 16. Bxb2 exf3 17. h3 Bh5 18. g4 Bg6 19. a4 Rfd8 20. Rfd1 Bc2 21.
Rxd8+ Rxd8 22. Bb5 Rd2 23. Ba3 Ne4 24. Rf1 Bd3 25. Bxd3 Rxd3 26. Bb2 c4 27. a5
f6 28. h4 a6 29. h5 g6 30. hxg6 hxg6 0-1

[Event "II C.to Romano"]
[Site "Roma ITA"]
[Date "1997.??.??"]
[Round "2"]
[White "Lavieri, Doriano"]
[Black "Manzanilla, Rufino"]
[Result "1-0"]
[WhiteElo "1855"]
[BlackElo "1600"]
[PlyCount "35"]
[EventDate "1997.??.??"]

1. d4 Nf6 2. c4 d6 3. Nf3 g6 4. Nc3 Bg7 5. e4 Nbd7 6. Be2 O-O 7. O-O e5 8. Bg5
h6 9. Be3 a6 10. dxe5 Nxe5 11. Nxe5 dxe5 12. Qb3 Qe7 13. f3 c6 14. c5 Be6 15.
Bc4 Nd7 16. Bxe6 fxe6 17. Qxb7 Nxc5 18. Qxe7 1-0

[Event "II C.to Romano"]
[Site "Roma ITA"]
[Date "1997.??.??"]
[Round "2"]
[White "Marta, Daniele"]
[Black "Viscardi, Riccardo"]
[Result "1/2-1/2"]
[WhiteElo "1816"]
[BlackElo "1600"]
[PlyCount "46"]
[EventDate "1997.??.??"]

1. d4 Nf6 2. c4 g6 3. Nc3 d5 4. cxd5 Nxd5 5. e4 Nxc3 6. bxc3 Bg7 7. Bc4 c5 8.
Ne2 O-O 9. O-O Nc6 10. Be3 Qc7 11. Rc1 Rd8 12. Bf4 Qd7 13. dxc5 Ne5 14. Bxe5
Bxe5 15. Qb3 e6 16. f4 Bg7 17. Rcd1 Qc7 18. Rxd8+ Qxd8 19. Rd1 Qc7 20. Qb5 Bf8
21. Qe8 Qxc5+ 22. Kh1 Qxc4 23. Rd8 Qc5 1/2-1/2

[Event "II C.to Romano"]
[Site "Roma ITA"]
[Date "1997.??.??"]
[Round "2"]
[White "Marzano, Carlo"]
[Black "Ortega, Lexy"]
[Result "0-1"]
[WhiteElo "2160"]
[BlackElo "2470"]
[PlyCount "66"]
[EventDate "1997.??.??"]

1. d4 Nf6 2. Nf3 e6 3. Bg5 h6 4. Bh4 d6 5. Nc3 g5 6. Bg3 Bg7 7. e3 Nh5 8. Bd3
Nc6 9. Nd2 Nxg3 10. hxg3 e5 11. d5 Ne7 12. e4 c6 13. g4 cxd5 14. Nxd5 Nxd5 15.
exd5 e4 16. Bxe4 Bxb2 17. Rb1 Bg7 18. Kf1 O-O 19. Bf5 Qa5 20. Nc4 Qxa2 21. Ne3
Re8 22. Rb3 b6 23. Kg1 Qa5 24. Bxc8 Raxc8 25. Rh3 Rc3 26. Rxc3 Qxc3 27. Rf3 Bd4
28. Qe2 Bxe3 29. Rxe3 Rxe3 30. fxe3 a5 31. e4 a4 32. Qa6 a3 33. Kh1 Qb2 0-1

[Event "II C.to Romano"]
[Site "Roma ITA"]
[Date "1997.??.??"]
[Round "2"]
[White "Mastroddi, Emiliano"]
[Black "Pasqualucci, Colombo"]
[Result "1-0"]
[WhiteElo "1753"]
[BlackElo "1794"]
[PlyCount "47"]
[EventDate "1997.??.??"]

1. d4 Nf6 2. c4 e5 3. dxe5 Ng4 4. Bf4 Nc6 5. Nf3 Bb4+ 6. Nbd2 f6 7. a3 fxe5 8.
Bg3 Bxd2+ 9. Qxd2 d6 10. e3 O-O 11. h3 Nh6 12. e4 Be6 13. Be2 Kh8 14. O-O Rxf3
15. Bxf3 Bxc4 16. Be2 Bxe2 17. Qxe2 Nd4 18. Qd3 g5 19. f4 gxf4 20. Bxf4 Ng8 21.
Be3 Ne6 22. Qd5 Qc8 23. Rf7 Nd8 24. Rf8 1-0

[Event "II C.to Romano"]
[Site "Roma ITA"]
[Date "1997.??.??"]
[Round "2"]
[White "Montecchi, Ugo"]
[Black "Tosoni, Augusto"]
[Result "0-1"]
[WhiteElo "1833"]
[BlackElo "2116"]
[PlyCount "94"]
[EventDate "1997.??.??"]

1. e4 e5 2. Nf3 Nc6 3. d4 exd4 4. Nxd4 Nf6 5. Nxc6 bxc6 6. e5 Qe7 7. Qe2 Nd5 8.
c4 Ba6 9. b3 Qh4 10. Bb2 Bb4+ 11. Nd2 Qg5 12. h4 Qf5 13. Qd3 Qxd3 14. Bxd3 Nf4
15. Be4 O-O 16. g3 Ng6 17. O-O-O Rad8 18. h5 Ne7 19. Nf3 d5 20. exd6 cxd6 21.
h6 g6 22. Bf6 d5 23. cxd5 cxd5 24. Bd3 Bb7 25. Nd4 Rd7 26. Kb2 Rc7 27. Rc1 Rfc8
28. Nb5 Rc6 29. Bd4 a6 30. a3 Rxc1 31. Rxc1 Rxc1 32. Kxc1 Bc6 33. axb4 Bxb5 34.
Kd2 Nc6 35. Bc5 Bxd3 36. Kxd3 f6 37. f4 Kf7 38. g4 Ke6 39. Kc3 g5 40. Be3 gxf4
41. Bxf4 Ne5 42. g5 fxg5 43. Bxg5 Kf5 44. Bc1 Ke4 45. Kd2 Nf3+ 46. Kc3 d4+ 47.
Kc4 Ne5+ 0-1

[Event "II C.to Romano"]
[Site "Roma ITA"]
[Date "1997.??.??"]
[Round "2"]
[White "Passerotti, Pierluigi"]
[Black "De Vita, Igor"]
[Result "1-0"]
[WhiteElo "2310"]
[BlackElo "2115"]
[PlyCount "65"]
[EventDate "1997.??.??"]

1. d4 Nf6 2. Nf3 e6 3. e3 b6 4. Nbd2 Bb7 5. Bd3 d5 6. O-O Nbd7 7. b3 Be7 8. c4
O-O 9. Qc2 c5 10. Bb2 Rc8 11. Rac1 Re8 12. Ne5 Nf8 13. Ndf3 Ne4 14. cxd5 cxd4
15. Nc6 Bxc6 16. dxc6 Nc5 17. Bxd4 Nxd3 18. Qxd3 Qd5 19. Qc3 f6 20. Rfd1 Red8
21. Rd2 Qb5 22. a4 Qb4 23. Qxb4 Bxb4 24. Bc3 Rxd2 25. Bxd2 Bxd2 26. Nxd2 Nd7
27. b4 a6 28. Kf1 Ne5 29. b5 Nd3 30. Rc3 Nc5 31. a5 Na4 32. axb6 axb5 33. b7
1-0

[Event "II C.to Romano"]
[Site "Roma ITA"]
[Date "1997.??.??"]
[Round "2"]
[White "Pienabarca, Nicola"]
[Black "Ianniello, Riccardo"]
[Result "0-1"]
[WhiteElo "2020"]
[BlackElo "2300"]
[PlyCount "94"]
[EventDate "1997.??.??"]

1. d4 d5 2. Nf3 Bg4 3. Bf4 Bxf3 4. exf3 e6 5. Bd3 Bd6 6. Bg3 Bxg3 7. hxg3 h6 8.
Nd2 Nd7 9. c3 c6 10. f4 Qb6 11. b4 Ne7 12. Qe2 a5 13. f5 axb4 14. fxe6 fxe6 15.
Qxe6 bxc3 16. Nf3 c5 17. Qxb6 Nxb6 18. Bb5+ Nc6 19. dxc5 Nd7 20. O-O O-O 21.
Rfd1 Ra5 22. a4 Nxc5 23. Rxd5 Nb3 24. Bxc6 Nxa1 25. Rxa5 c2 26. Rc5 Rd8 27.
Bxb7 Rd1+ 28. Kh2 c1=Q 29. Rxc1 Rxc1 30. a5 Nc2 31. Ne5 Nb4 32. a6 Ra1 33. Nd7
Nxa6 34. Bd5+ Kh8 35. Ne5 g5 36. f4 Nc7 37. Bc4 Kg7 38. fxg5 hxg5 39. Nf3 Kf6
40. Bd3 Nd5 41. Be4 Ne3 42. g4 Ra2 43. Ng1 Nxg4+ 44. Kg3 Ne3 45. Nh3 Nf1+ 46.
Kg4 Ra3 47. Bf3 Ra4+ 0-1

[Event "II C.to Romano"]
[Site "Roma ITA"]
[Date "1997.??.??"]
[Round "2"]
[White "Quimi, Marco"]
[Black "Scacco, Mauro"]
[Result "1-0"]
[WhiteElo "2240"]
[BlackElo "2045"]
[PlyCount "117"]
[EventDate "1997.??.??"]

1. e4 e5 2. Nf3 Nc6 3. Bb5 a6 4. Ba4 Nf6 5. O-O Be7 6. Re1 b5 7. Bb3 d6 8. c3
O-O 9. d3 Na5 10. Bc2 c5 11. Nbd2 Qc7 12. Nf1 Bb7 13. Ng3 g6 14. h3 Rfe8 15.
Bg5 d5 16. Qe2 d4 17. Rac1 dxc3 18. bxc3 c4 19. d4 Nd7 20. Bxe7 Rxe7 21. Qd2 f6
22. Qh6 Nc6 23. h4 Nd8 24. h5 Nf7 25. Qd2 Rae8 26. Nh4 Nf8 27. d5 Nd6 28. Rcd1
Bc8 29. Qe2 Rg7 30. Qf3 Qe7 31. Qe2 f5 32. Nf3 f4 33. h6 Rf7 34. Nf1 g5 35.
N3h2 Ng6 36. a4 Ref8 37. f3 Nh4 38. axb5 axb5 39. Ra1 g4 40. fxg4 f3 41. gxf3
Rxf3 42. Ne3 Rg3+ 43. Kh1 Nf3 44. Nf5 Bxf5 45. exf5 Qh4 46. Rg1 Nxg1 47. Qxe5
Qxh2+ 48. Kxh2 Nf3+ 49. Kxg3 Nxe5 50. Ra6 Rd8 51. Kf4 Nd3+ 52. Bxd3 cxd3 53.
Ke3 Nf7 54. Kxd3 Ne5+ 55. Kd4 Nxg4 56. Rb6 Kf7 57. Rb7+ Kg8 58. Rg7+ Kh8 59.
Rxg4 1-0

[Event "II C.to Romano"]
[Site "Roma ITA"]
[Date "1997.??.??"]
[Round "2"]
[White "Ragonese, Lucio Rosario"]
[Black "Sibilio, Mario"]
[Result "0-1"]
[WhiteElo "2060"]
[BlackElo "2320"]
[PlyCount "60"]
[EventDate "1997.??.??"]

1. d4 g6 2. Nf3 Bg7 3. c3 d6 4. Bg5 h6 5. Bh4 Nf6 6. Nbd2 O-O 7. e3 Nbd7 8. Bd3
b6 9. Qc2 c5 10. O-O Bb7 11. Rfe1 Rc8 12. Rad1 Qc7 13. Ne4 c4 14. Nxf6+ Bxf6
15. Be4 d5 16. Bxg6 fxg6 17. Qxg6+ Bg7 18. Bxe7 Rf7 19. Bd6 Qd8 20. Be5 Rc6 21.
Qg3 Kh7 22. Bxg7 Rxg7 23. Qf4 Rf6 24. Qh4 Qg8 25. Qh3 Bc8 26. Kf1 Ne5 27. Qh5
Nxf3 28. gxf3 Rg5 29. Qh4 Rxf3 30. Ke2 Bg4 0-1

[Event "II C.to Romano"]
[Site "Roma ITA"]
[Date "1997.??.??"]
[Round "2"]
[White "Scagliarini, Bruno"]
[Black "Scolozzi, Umberto"]
[Result "1/2-1/2"]
[WhiteElo "1974"]
[BlackElo "1600"]
[PlyCount "127"]
[EventDate "1997.??.??"]

1. c4 Nf6 2. g3 g6 3. Bg2 Bg7 4. d4 d5 5. cxd5 Nxd5 6. Nc3 Nxc3 7. bxc3 c5 8.
e3 O-O 9. Ne2 cxd4 10. cxd4 Nc6 11. O-O Bg4 12. h3 Bd7 13. Rb1 b6 14. Ba3 Rc8
15. Nf4 Re8 16. Nd3 e6 17. f4 f5 18. Rc1 Na5 19. Ne5 Bxe5 20. fxe5 Nc4 21. Rc3
Nxa3 22. Rxa3 a5 23. Qd2 Qc7 24. Rb3 b5 25. Rb2 Qc3 26. Qf2 Rc7 27. g4 Rf8 28.
e4 f4 29. Qd2 b4 30. Rf3 Qxd2 31. Rxd2 g5 32. h4 h6 33. Rh3 Rc1+ 34. Kf2 Bc8
35. d5 Kg7 36. d6 Bd7 37. a3 Rb8 38. Rb2 Rc5 39. axb4 axb4 40. Rhb3 Rxe5 41.
Rxb4 Reb5 42. Rxb5 Rxb5 43. Rc2 Kf7 44. Rc7 Ke8 45. Ra7 e5 46. Ra8+ Kf7 47. Bf1
Rb6 48. Bc4+ Kf6 49. Rf8+ Kg6 50. Rg8+ Kf6 51. Rf8+ Kg6 52. Rd8 Rb7 53. Bd5 Ra7
54. Rg8+ Kf6 55. Rf8+ Kg6 56. Rd8 Kf6 57. Kf3 Ra3+ 58. Kf2 Ra7 59. Ke2 Kg6 60.
Kd2 Kf6 61. Kc3 Kg7 62. Kc4 Bxg4 63. Rg8+ Kf6 64. Kb5 1/2-1/2

[Event "II C.to Romano"]
[Site "Roma ITA"]
[Date "1997.??.??"]
[Round "2"]
[White "Scagliarini, Valentina"]
[Black "Esuperanzi, Gianbattista"]
[Result "0-1"]
[WhiteElo "1642"]
[BlackElo "1600"]
[PlyCount "54"]
[EventDate "1997.??.??"]

1. e4 c5 2. Nf3 e6 3. d4 cxd4 4. Nxd4 Nf6 5. Nc3 d6 6. Be3 a6 7. f3 Be7 8. Qd2
O-O 9. g4 Nc6 10. O-O-O Nxd4 11. Bxd4 Nd7 12. Kb1 b5 13. Qg2 b4 14. Ne2 Qc7 15.
h4 Bb7 16. g5 Rac8 17. Ng3 d5 18. Nh5 e5 19. Be3 g6 20. Ng3 d4 21. Bc1 Nc5 22.
Qf2 Na4 23. f4 Nc3+ 24. bxc3 bxc3 25. fxe5 Qb6+ 26. Ka1 Bc5 27. Bd3 27... Rb8
$138 0-1

[Event "II C.to Romano"]
[Site "Roma ITA"]
[Date "1997.??.??"]
[Round "2"]
[White "Simeoni, Matteo"]
[Black "Lantini, Marco"]
[Result "1-0"]
[WhiteElo "1830"]
[BlackElo "2190"]
[PlyCount "44"]
[EventDate "1997.??.??"]

1. e4 e5 2. Nf3 Nf6 3. d4 exd4 4. e5 Ne4 5. Qxd4 d5 6. exd6 Nxd6 7. Bd3 Nc6 8.
Qf4 g6 9. Be3 Bg7 10. Nc3 O-O 11. O-O Be6 12. a3 Qf6 13. h3 Rfe8 14. Rad1 Qxf4
15. Bxf4 Nc4 16. Nb5 Nxb2 17. Nxc7 Nxd1 18. Rxd1 Bf8 19. Nxa8 Rxa8 20. Bc1 Rd8
21. Re1 Na5 22. Ng5 Nc4 1-0

[Event "II C.to Romano"]
[Site "Roma ITA"]
[Date "1997.??.??"]
[Round "2"]
[White "Vignato, Giovanni"]
[Black "Medori, Marco"]
[Result "1-0"]
[WhiteElo "2150"]
[BlackElo "1600"]
[PlyCount "71"]
[EventDate "1997.??.??"]

1. c4 Nf6 2. Nc3 g6 3. e4 d6 4. g3 Bg7 5. Bg2 O-O 6. Nge2 e5 7. O-O Nc6 8. d3
h6 9. h3 Rb8 10. Be3 Be6 11. Qd2 Kh7 12. Kh2 Qd7 13. Nd5 Ng8 14. b4 b6 15. b5
Bxd5 16. cxd5 Nce7 17. a4 f5 18. Ra3 g5 19. exf5 Nxf5 20. Rc1 Nxe3 21. Qxe3 Nf6
22. Rac3 Rf7 23. g4 Rbf8 24. Ng3 Ne8 25. Be4+ Kh8 26. R1c2 Qd8 27. Bg6 Rf3 28.
Qe1 Nf6 29. Nf5 Nxd5 30. Rc4 Nf4 31. Rxc7 Rxh3+ 32. Kg1 Qa8 33. R2c6 Nxg6 34.
Nxg7 Nf4 35. Qe4 d5 36. Nh5 1-0

[Event "II C.to Romano"]
[Site "Roma ITA"]
[Date "1997.??.??"]
[Round "3"]
[White "Castillo, Juan"]
[Black "Spano' Cuomo, Gaetano"]
[Result "0-1"]
[WhiteElo "1600"]
[BlackElo "1641"]
[PlyCount "120"]
[EventDate "1997.??.??"]

1. e4 e5 2. Nf3 Nc6 3. Bc4 Be7 4. Nc3 Nf6 5. d3 d6 6. a3 Na5 7. Ba2 c5 8. Bd2
Nc6 9. Nd5 Be6 10. Nxf6+ Bxf6 11. h3 O-O 12. Qc1 d5 13. exd5 Bxd5 14. Bxd5 Qxd5
15. O-O Rfe8 16. Be3 e4 17. dxe4 Qxe4 18. c3 b6 19. Re1 Qf5 20. Qb1 Qh5 21. Qc2
Rad8 22. Rad1 Rxd1 23. Rxd1 Ne5 24. Nxe5 Qxe5 25. Re1 Qc7 26. g3 c4 27. Qc1 b5
28. Bf4 Qc8 29. Rxe8+ Qxe8 30. Qe3 Qxe3 31. Bxe3 a5 32. Bc5 Bd8 33. Kg2 Bc7 34.
Kf3 f5 35. Ke3 Be5 36. f4 Bf6 37. Bd4 Be7 38. Bb6 Kf7 39. Bxa5 Bc5+ 40. Ke2 Ke6
41. Bc7 h5 42. Kf3 Kd5 43. Ba5 Ba7 44. Bd8 Bc5 45. g4 hxg4+ 46. hxg4 fxg4+ 47.
Kxg4 Be3 48. Kf5 Bc1 49. Be7 Bxb2 50. Bb4 Bc1 51. Bf8 g6+ 52. Kxg6 Bxf4 53. Kf5
Bd6 54. Bxd6 Kxd6 55. Kf6 Kc6 56. Ke6 Kb6 57. Kd6 Ka5 58. Kc6 Ka4 59. Kc5 Kxa3
60. Kxb5 Kb3 0-1

[Event "II C.to Romano"]
[Site "Roma ITA"]
[Date "1997.??.??"]
[Round "3"]
[White "Cattarinich, Benedetto"]
[Black "Colantonio, Marco"]
[Result "1-0"]
[WhiteElo "1837"]
[BlackElo "1543"]
[PlyCount "57"]
[EventDate "1997.??.??"]

1. d4 Nf6 2. c4 g6 3. Nc3 d5 4. Bf4 dxc4 5. e4 c6 6. a4 Be6 7. Nf3 Bg4 8. Bxc4
Bxf3 9. gxf3 Qb6 10. O-O Nbd7 11. a5 Qxb2 12. Qd3 Nh5 13. Be3 Qb4 14. e5 e6 15.
Bg5 Bg7 16. Rfb1 Qf8 17. Ne4 f6 18. Nd6+ Ke7 19. Bh4 g5 20. Rxb7 fxe5 21. Bxg5+
Bf6 22. dxe5 Bxg5 23. Nf5+ Qxf5 24. Qxd7+ Kf8 25. Qd6+ Ke8 26. Qxc6+ Kf8 27.
Qd6+ Kg8 28. Bxe6+ Qxe6 29. Qxe6+ 1-0

[Event "II C.to Romano"]
[Site "Roma ITA"]
[Date "1997.??.??"]
[Round "3"]
[White "Drago, Valentino"]
[Black "Ragonese, Lucio Rosario"]
[Result "0-1"]
[WhiteElo "1624"]
[BlackElo "2060"]
[PlyCount "40"]
[EventDate "1997.??.??"]

1. d4 d5 2. Bf4 Nf6 3. e3 c5 4. c3 Nc6 5. Nf3 Qb6 6. Qb3 c4 7. Qxb6 axb6 8. Na3
h6 9. h3 e6 10. Nb5 Ra5 11. Na3 Bxa3 12. bxa3 Rxa3 13. Bd6 Rxc3 14. Be2 Ne4 15.
Bc7 b5 16. O-O O-O 17. a3 Bd7 18. Rfb1 Ra8 19. Rxb5 Rcxa3 20. Rab1 Nc3 0-1

[Event "II C.to Romano"]
[Site "Roma ITA"]
[Date "1997.??.??"]
[Round "3"]
[White "Esuperanzi, Gianbattista"]
[Black "Marzano, Carlo"]
[Result "0-1"]
[WhiteElo "1600"]
[BlackElo "2160"]
[PlyCount "51"]
[EventDate "1997.??.??"]

1. e4 g6 2. d4 c6 3. Nc3 d5 4. exd5 cxd5 5. Bf4 Bg7 6. Nf3 Nf6 7. Nb5 Na6 8. c3
O-O 9. Be2 Ne4 10. Qc1 Re8 11. O-O Be6 12. Re1 Bg4 13. Nd2 Bxe2 14. Rxe2 Nf6
15. Nf3 Qb6 16. a4 Nh5 17. Bh6 Bh8 18. Qd2 Nc7 19. Nxc7 Qxc7 20. Rae1 Rac8 21.
Bg5 Nf6 22. Bxf6 Bxf6 23. g3 Qc4 24. Ne5 Qxa4 25. Qh6 Bg7 26. Qh4 $138 0-1

[Event "II C.to Romano"]
[Site "Roma ITA"]
[Date "1997.??.??"]
[Round "3"]
[White "Galdelli, Fabiano"]
[Black "Bruno, Fabio"]
[Result "0-1"]
[WhiteElo "1738"]
[BlackElo "2260"]
[PlyCount "108"]
[EventDate "1997.??.??"]

1. e4 c5 2. Nf3 e6 3. d4 cxd4 4. Nxd4 a6 5. Nc3 Qc7 6. Be3 Nf6 7. Be2 Bb4 8. f3
Bxc3+ 9. bxc3 Qxc3+ 10. Kf2 O-O 11. Rb1 b5 12. Nb3 Bb7 13. Bd2 Qc7 14. Ba5 Qf4
15. Ke1 Nc6 16. Bd2 Qc7 17. Be3 d6 18. Bf4 Rfd8 19. Nc5 Bc8 20. Nb3 Nb4 21. c3
Nxa2 22. Bd2 Nxc3 23. Qc2 Ncd5 24. Qa2 Nc3 25. Qc2 Ncd5 26. Qb2 Nb6 27. Ba5 Rb8
28. Kf2 Qa7 29. Qd4 Rd7 30. Rhc1 Nc4 31. Bxc4 bxc4 32. Rxc4 Ne8 33. Rbc1 Rxb3
34. Qxa7 Rxa7 35. Rxc8 Kf8 36. Rd8 Ke7 37. Rcc8 Nf6 38. g4 h6 39. h4 g5 40. h5
Rb5 41. Bc3 a5 42. Rh8 a4 43. Rxh6 e5 44. Rhh8 a3 45. h6 a2 46. Rhe8+ Kd7 47.
Red8+ Ke7 48. Re8+ Nxe8 49. h7 a1=Q 50. Bxa1 Rxa1 51. h8=Q Rb2+ 52. Kg3 Rg1+
53. Kh3 Rh1+ 54. Kg3 Rxh8 0-1

[Event "II C.to Romano"]
[Site "Roma ITA"]
[Date "1997.??.??"]
[Round "3"]
[White "Ianniello, Riccardo"]
[Black "Nurkic, Sahbaz"]
[Result "0-1"]
[WhiteElo "2300"]
[BlackElo "2430"]
[PlyCount "102"]
[EventDate "1997.??.??"]

1. e4 g6 2. Nf3 Bg7 3. c3 c5 4. Bc4 e6 5. Qe2 Nc6 6. O-O d6 7. d3 Nf6 8. h3 O-O
9. Bf4 e5 10. Be3 Be6 11. Nbd2 Qe7 12. Bb3 h6 13. Ba4 Nh5 14. Rfe1 Rac8 15. Nh2
a6 16. Bb3 Rcd8 17. Rad1 b5 18. Bd5 Bxd5 19. exd5 Nb8 20. g4 Nf6 21. c4 Nh7 22.
b4 cxb4 23. cxb5 axb5 24. Rb1 Na6 25. Bb6 Rc8 26. Ne4 f5 27. gxf5 gxf5 28. Ng3
Ng5 29. Qf1 Qb7 30. Ba5 Qxd5 31. Bxb4 Rc2 32. h4 Ne6 33. a3 Nf4 34. Re3 Nxb4
35. axb4 Rd2 36. Nf3 Rxd3 37. Rxd3 Nxd3 38. Rd1 Qxf3 39. Qxd3 Qg4 40. Kf1 Qxh4
41. Qxb5 Qh3+ 42. Ke1 e4 43. Qc4+ Kh8 44. Rxd6 e3 45. Nf1 f4 46. Rd3 Rc8 47.
Qd5 Rc1+ 48. Rd1 Bc3+ 49. Nd2 exf2+ 50. Kxf2 Qe3+ 51. Kg2 Qg3+ 0-1

[Event "II C.to Romano"]
[Site "Roma ITA"]
[Date "1997.??.??"]
[Round "3"]
[White "Iatrino, Vincenzo"]
[Black "Abuhamdieh, Arafat"]
[Result "0-1"]
[WhiteElo "1767"]
[BlackElo "1294"]
[PlyCount "136"]
[EventDate "1997.??.??"]

1. e4 e5 2. Nf3 Nc6 3. d4 exd4 4. Bc4 Bc5 5. c3 h6 6. b4 Bb6 7. a4 a5 8. b5
Nce7 9. Qb3 d5 10. exd5 Qd6 11. Ba3 Qf4 12. cxd4 Nf5 13. O-O Nxd4 14. Re1+ Kd8
15. Nxd4 Bxd4 16. Ra2 Bd7 17. Rae2 Qf6 18. Nd2 h5 19. Ne4 Qh4 20. d6 Nf6 21.
dxc7+ Kxc7 22. Nxf6 Qxf6 23. Qg3+ Kb6 24. Re7 h4 25. Qd6+ Qxd6 26. Bxd6 Rad8
27. Bxf7 Rh6 28. Bf4 Rf6 29. g3 Bc5 30. Be3 Bxe3 31. R1xe3 Bh3 32. Bh5 g6 33.
Be2 hxg3 34. hxg3 Rd4 35. R3e4 Rxe4 36. Rxe4 Bf5 37. Rf4 Re6 38. Bf3 Re1+ 39.
Kg2 Re7 40. g4 Bc2 41. Rc4 Rc7 42. Rd4 Kc5 43. Rf4 g5 44. Rf8 Bxa4 45. Rf5+ Kb4
46. Rxg5 Bxb5 47. Rg8 Bc4 48. Rb8 b5 49. Be4 a4 50. g5 a3 51. Ra8 Kb3 52. f4 a2
53. f5 Kb2 54. g6 a1=Q 55. Rxa1 Kxa1 56. f6 b4 57. Kf3 b3 58. Kg4 Be6+ 59. Kg5
b2 60. Kh6 Rc4 61. f7 Bxf7 62. gxf7 Rxe4 63. f8=Q b1=Q 64. Qa8+ Kb2 65. Qb7+
Kc1 66. Qc6+ Kd2 67. Qd6+ Ke3 68. Qg3+ Kd2 0-1

[Event "II C.to Romano"]
[Site "Roma ITA"]
[Date "1997.??.??"]
[Round "3"]
[White "Lantini, Marco"]
[Black "Mastroddi, Emiliano"]
[Result "1-0"]
[WhiteElo "2190"]
[BlackElo "1753"]
[PlyCount "69"]
[EventDate "1997.??.??"]

1. e4 c5 2. Nf3 d6 3. Nc3 Nf6 4. d4 cxd4 5. Nxd4 g6 6. Be3 Bg7 7. f3 O-O 8. Qd2
Nc6 9. O-O-O Bd7 10. h4 h5 11. Kb1 Rc8 12. Nxc6 bxc6 13. Bc4 Qc7 14. g4 hxg4
15. h5 Nxh5 16. fxg4 Bxg4 17. Rdg1 Bf3 18. Rh3 Bxe4 19. Nxe4 d5 20. Bb3 Qe5 21.
Nc3 e6 22. Bh6 c5 23. Bxg7 Kxg7 24. Rg5 Qf4 25. Qg2 Rh8 26. Rgxh5 Rxh5 27. Rxh5
d4 28. Ne2 Qd2 29. Rh1 c4 30. Qb7 Rc5 31. Qb8 Rh5 32. Rxh5 Qe1+ 33. Nc1 gxh5
34. Bxc4 h4 35. Qf4 1-0